Determinanty nákupného správania v segmente seniorov
Seniori - dynamicky rastúci, dôležitý segment zákazníkov. Výskum zmien v nákupnom správaní seniorov. Príspevok sa koncentruje na nákupné správanie a determinanty nákupného rozhodovania seniorov nad 60 rokov. Zmeny v štruktúre a formátoch maloobchodu v SR vyvolali zmeny v nákupnom správaní aj senioro...
Salvato in:
| Autore principale: | |
|---|---|
| Natura: | Capitolo di libro |
| Lingua: | slovacco |
| Soggetti: | |
| Tags: |
Nessun Tag, puoi essere il primo ad aggiungerne!!
|
MARC
| LEADER | 00000nla a2200000 4500 | ||
|---|---|---|---|
| 001 | 0163097 | ||
| 005 | 20240502083401.6 | ||
| 041 | 0 | |a slo | |
| 044 | |a CZ | ||
| 245 | 1 | 0 | |a Determinanty nákupného správania v segmente seniorov |c Dagmar Lesáková |
| 520 | |a Seniori - dynamicky rastúci, dôležitý segment zákazníkov. Výskum zmien v nákupnom správaní seniorov. Príspevok sa koncentruje na nákupné správanie a determinanty nákupného rozhodovania seniorov nad 60 rokov. Zmeny v štruktúre a formátoch maloobchodu v SR vyvolali zmeny v nákupnom správaní aj seniorov. | ||
| 610 | 2 | 0 | |a správanie spotrebiteľa |
| 610 | 2 | 0 | |a nákup |
| 610 | 2 | 0 | |a rozhodovanie nákupné |
| 610 | 2 | 0 | |a seniori |
| 610 | 2 | 0 | |a Slovensko |
| 100 | 1 | |a Lesáková, Dagmar, 1949- | |